Library of the University of Algiers 3
Ibrahim Sultan Cheibout
شعار جامعة الجزائر 3
مكتبة جامعة الجزائر 3
إبراهيم سلطان شيبوط

التحليل المالي بإستخدام الحاسوب / (رقم التسجيلة. 45527)

تفاصيل مارك
000 -LEADER
fixed length control field 03295nam a2200229Ia 4500
003 - CONTROL NUMBER IDENTIFIER
control field Ost
005 - DATE AND TIME OF LATEST TRANSACTION
control field 20260507075648.0
008 - FIXED-LENGTH DATA ELEMENTS--GENERAL INFORMATION
fixed length control field 260507s9999||||xx |||||||||||||| ||und||
020 ## - INTERNATIONAL STANDARD BOOK NUMBER
International Standard Book Number 1377119957
040 ## - CATALOGING SOURCE
Transcribing agency fsecg
041 ## - LANGUAGE CODE
Language code of text/sound track or separate title ara
082 ## - DEWEY DECIMAL CLASSIFICATION NUMBER
Classification number 658.15
100 ## - MAIN ENTRY--PERSONAL NAME
Personal name الدوري، مؤيد عبد الرحمن
Relator term مؤلف
245 #0 - TITLE STATEMENT
Title التحليل المالي بإستخدام الحاسوب /
Statement of responsibility, etc. مؤيد عبد الرحمن الدوري
260 ## - PUBLICATION, DISTRIBUTION, ETC.
Place of publication, distribution, etc. عمان:
Name of publisher, distributor, etc. درا وائل للنشر والتوزيع,
Date of publication, distribution, etc. 2003
300 ## - PHYSICAL DESCRIPTION
Extent 311 صفحة؛
Other physical details إيضاحات ؛
Dimensions 24 سم
520 ## - SUMMARY, ETC.
Summary, etc. يعد موضوع التحليل المالي أحد المواضيع المهمة في حقل الادارة المالية والمحاسبة، إذ من خلاله تتمكن إدارة المنشأة من تشخيص نقاط القوة والضعف في بيئتها الداخلية وتقويم قراراتها التمويلية والاستثمارية، كما يمكن أن تستخدمه كأحد الأسس المهمة في تحديد خياراتها الاستراتيجية. جاء الكتاب متضمنا سبع فصول تتناول الجوانب الأساسية للتحليل المالي وتطبيقاتها باستخدام نظام الأكسل كأحد أنظمة الحاسوب، ليساعد الطالب على فهم الاستخدامات العملية لهذا النظام في معالجة البيانات المتوفرة وصياغتها بمؤشرات كمية لتقويم الأداء وترشيد القرارات المالية. وتناول الكتاب طبيعة وأغراض التحليل المالي وأهمية استخدام الأنظمة الحاسوبية في تنظيم البيانات المالية وعرضها بشكل يخدم عملية التحليل واتخاذ القرارات، وتضمن تحليل وتفسير القوائم المالية الرئيسية، وكذلك تحليل التدفقات النقدية وكيفية إعداد قائمة التدفق النقدي، واشتقاق المؤشرات التي يمكن الاعتماد عليها في تقويم الأنشطة المختلفة للمنشأة. كما جرى التركيز في هذا الكتاب على القيمة الزمنية للنقود التي يستخدمها المستثمر في احتساب القيمة الحالية والقيمة المستقبلية لدفعة واحدة أو لعدد من الدفعات المتساوية أو غير المتساوية في حال كون الفائدة مركبة، وكذلك التركيز على دراسة عملية لتحليل التعادل باعتباره أداة من أدوات الرقابة وتخطيط العلاقة بين الأرباح والايرادات والتكاليف. هذا وتناول الفصل الأخير تحليل الأوراق المالية المتداولة في السوق المالي، وما يوفره التحليل من مؤشرات تساهم في علمية اتخاذ القرارات بالنسبة للمستثمرين وإدارات المنشآت.
653 ## - INDEX TERM--UNCONTROLLED
Uncontrolled term التحليل المالي
653 ## - INDEX TERM--UNCONTROLLED
Uncontrolled term الحاسوب
700 ## - ADDED ENTRY--PERSONAL NAME
Personal name أبو زناد، نور الدين أديب
Relator term مؤلف ثانوي
942 ## - ADDED ENTRY ELEMENTS (KOHA)
Koha item type كتب
المقتنيات
Withdrawn status Lost status Source of classification or shelving scheme Damaged status Not for loan Home library Current library Date acquired Serial enumeration / chronology Inventory number Total checkouts Full call number Barcode Date last seen Price effective from Koha item type
    Library of Congress Classification   NOT LOAN / إعارة داخلية مكتبة كلية العلوم الإقتصادية والعلوم التجارية وعلوم التسيير مكتبة كلية العلوم الإقتصادية والعلوم التجارية وعلوم التسيير 07/05/2026 الطابق الأرضي 1657/1   أ/1657ن1 1657/1 07/05/2026 07/05/2026 كتب
    Dewey Decimal Classification   Available مكتبة كلية العلوم الإقتصادية والعلوم التجارية وعلوم التسيير مكتبة كلية العلوم الإقتصادية والعلوم التجارية وعلوم التسيير 07/05/2026 الطابق الأرضي 1657/2   أ/1657ن2 1657/2 07/05/2026 07/05/2026 كتب
    Dewey Decimal Classification   Available مكتبة كلية العلوم الإقتصادية والعلوم التجارية وعلوم التسيير مكتبة كلية العلوم الإقتصادية والعلوم التجارية وعلوم التسيير 07/05/2026 الطابق الثاني 1657/3   أ/1657ن3 1657/3 07/05/2026 07/05/2026 كتب
    Dewey Decimal Classification   Available مكتبة كلية العلوم الإقتصادية والعلوم التجارية وعلوم التسيير مكتبة كلية العلوم الإقتصادية والعلوم التجارية وعلوم التسيير 07/05/2026 الطابق الثاني 1657/4   أ/1657ن4 1657/4 07/05/2026 07/05/2026 كتب

موارد الويب المفتوحة


© University of Algiers 3 All Rights Reserved
|
Implemented by LECHELAH Riad